000 00404nam a2200169Ia 4500
005 20250703010245.0
008 240331s9999 xx 000 0 und d
020 _a9552017750
082 _bDIS
_a398
100 _aDisanayake,J.B
245 0 _aSinhala jana wahara
250 _a3rd
260 _aColombo
_bS. Godage & Brothers
_c2000
300 _a267 p .,
650 _aSinhala Folk Idiom
942 _cL
999 _c5104
_d5104